Central Library OPAC University of Rajshahi

French utopias : (Record no. 36430)

MARC details
000 -LEADER
fixed length control field 00802nam a22002411 4500
001 - CONTROL NUMBER
control field 36430
003 - CONTROL NUMBER IDENTIFIER
rucl marc code BD-RjUL
005 - DATE AND TIME OF LATEST TRANSACTION
control field 20211209052503.0
008 - FIXED-LENGTH DATA ELEMENTS--GENERAL INFORMATION
fixed length control field 140623s1966 nyuach 000 0 eng
035 ## - SYSTEM CONTROL NUMBER
System control number (BD-RjUL)36527
040 ## - CATALOGING SOURCE
Original cataloging agency DLC
Transcribing agency DLC
Modifying agency DLC
-- BD-RjUL
Language of cataloging eng
041 1# - LANGUAGE CODE
Language code of text/sound track or separate title engfre
082 00 - DEWEY DECIMAL CLASSIFICATION NUMBER
Classification number 335.2
Author mark and year FRE 1966
245 10 - TITLE STATEMENT
Title French utopias :
Remainder of title an anthology of ideal societies /
Statement of responsibility, etc. Edited, with an introd. and translations, by Frank E. Manuel and Fritzie P. Manuel.
260 ## - PUBLICATION, DISTRIBUTION, ETC. (IMPRINT)
Place of publication, distribution, etc. New York :
Name of publisher, distributor, etc. Free Press,
Date of publication, distribution, etc. 1966.
300 ## - PHYSICAL DESCRIPTION
Pagination vii, 426 p. :
Illustrations illus., facsim., ports. ;
Size 24 cm.
650 #0 - SUBJECT ADDED ENTRY--TOPICAL TERM
Topical term or geographic name as entry element Utopias
Geographic subdivision France.
9 (RLIN) 110873
700 1# - ADDED ENTRY--PERSONAL NAME
Personal name Manuel, Frank Edward,
Personal name Manuel, Fritzie Prigohzy,
Relator term joint ed. and tr.
942 ## - ADDED ENTRY ELEMENTS (KOHA)
Source of classification or shelving scheme Dewey Decimal Classification
Koha item type Books
Holdings
Lost status Source of classification or shelving scheme Damaged status Not for loan Collection code Permanent Location Current Location Shelving location Date acquired Source of acquisition Cost, normal purchase price Total Checkouts Full call number Date last seen Copy number Koha item type
  Dewey Decimal Classification   Not For Loan Non-fiction Central Library, University of Rajshahi Central Library, University of Rajshahi Reading Room 21/11/1970 Sweets & Zeitlenger 75.00   335.2 FRE 1966 23/06/2014 C-1 Books